000 00704nam a22002297a 4500
003 UA-OsUOA
001 53521
007 ta
008 20151027b un ||||| |||| 00| 0 ukr d
090 _a09.-94(477).08
_bТ65
942 _cBK
040 _aUA-OsUOA
_bukr
_cUA-OsUOA
_dUA-OsUOA
245 _aТрагедія Галицької України
300 _a254 с.
955 _a4
041 _aukr
080 _a09.-94(477).08
260 _aВінніпег
_bКанадійський фармер
_c1920
650 7 _a0 Загальний відділ.
_2UDC
999 _c433640
_d433640